00563nam a22002052 4500001001100000005001700011008004100028020002700069040001500096100003300111245005900144250001300203260003700216300001800253650002500271650005200296852000300348852000300351852000300354000000710320151021152555.0071117s xx 000 0 eng d a0471737690 :cKES 6340 aKABUcKABU1 aShapiro, Alan C.@000015260110aMultinational financial management /cAlan C. Shapiro. a8th ed. aHoboken, NJ. :bJ. Wiley,c2006. axxii, 745 p. 0aFinance.@0000148330 0aInternational business enterprises.@00001508691 1 1